Normal view
MARC view
- خلايا-زراعة-ادلة
Entry Topical Term
001 - CONTROL NUMBER
- control field: 34935
003 - CONTROL NUMBER IDENTIFIER
- control field: JO-AjAnu
005 - DATE AND TIME OF LATEST TRANSACTION
- control field: 20230606075839.0
008 - FIXED-LENGTH DATA ELEMENTS
- fixed length control field: 230606|| aca||aabn | a|a d
040 ## - CATALOGING SOURCE
- Original cataloging agency: JO-AjAnu
- Transcribing agency: JO-AjAnu
150 ## - HEADING--TOPICAL TERM
- Topical term or geographic name entry element: خلايا-زراعة-ادلة
670 ## - SOURCE DATA FOUND
- Source citation: Work cat.: (JO-AjAnu)17941: هاريس ، مورين؛ ترجمة: علي السعدي ، عبد السلام ابو الحاج , author 34934, الطرق العامة لزراعة الخلية =Genral Techniques of cell culture